00327nam a2200121Ia 4500008004100000041000800041082001700049100001600066245004500082260003900127300003000166365000900196240624s9999 xx 000 0 und d aeng a658.4063 STO aSTOREY JOHN aMANAGERS OF INNOVATION INSIGHTS INTO MAK c2005aOxfordbBlackwell Publishing aix, : 193 : p. : cm. ; 24 cb28